000 00596nam a2200229 a 4500
001 nice12345678
003 IN_TiNIC
005 20260116014142.0
008 121106s2011 dela grp 000 0 eng
020 _a9788129103918
_c295
082 0 0 _a891.44
_bTAG1
100 _aTagore, Rabindranath
245 _aRabindranath Tagore Selected Essays
260 _aDelhi
_bRupa and Co.
_c2011
300 _a460p
500 _aincludes index and biblioraphy
650 _aRabindranath Tagore - Writings
700 1 _aTagore, Rabindranath
902 _bSRC
942 _cBK
999 _c14107
_d14107